01624nam a2200349 c 450000100060000000300100000600500170001600700030003300800410003602000150007702000180009204000350011004100080014504300120015308400070016510000320017224500280020425000220023226400410025430000440029533600270033933700330036633800280039949000120042752005760043952100530101565000370106865000390110565000430114465000500118765000370123759751CO-BoRNBP20251104192236.0ta250116s2024 ck a|||jr6||| 000 fdspa d a628758713X a9786287587137 aCO-BoRNBPbspaerdacCO-BoRNBP0 hspa as-ve--- aNG aGuarisco, Laurad1991-eaut10aNido /cLaura Guarisco. aSegunda edición 1aBogotá, Colombia :bPlaneta,c2024 a190 páginas :bilustraciones a color, 2rdacontentatextobtxt 2rdamediaasin mediaciónbn 2rdacarrieravolumenbnc0 aCómic aEn esta obra de autoficción, la autora retrata con sencillez y precisión su propia experiencia de vida, pero también la de muchos otros compatriotas: el desarraigo, la nostalgia, el temor, la xenofobia, el desamparo y la esperanza. Ángel es uno de los más de siete millones venezolanos que tuvo que abandonar su nido. Desde ser domiciliario de Rappi, hasta ser arquitecto; desde el abandono de la patria, hasta el encuentro con un nuevo nido. Esta obra es necesaria para entender, desde un autor/protagonista real, un tema de importancia mundial: la migración aRecomendado para un público mayor de 18 años07aEsperanza en la literatura2lemb07aInmigrantes en la literatura2lemb04aLiteratura venezolanaySiglo XXI2LEMB04aNovela gráfica venezolanaySiglo XXI2LEMB07aXenofobia en la literatura2lemb